000 00560nam a2200205Ia 4500
003 OSt
005 20220926045846.0
006 a|||||r|||| 00| 0
007 ta
008 220923b |||||||| |||| 00| 0 eng d
037 _cGeneral Book
040 _aRTL
_cRTL
_beng
041 _2eng
_aeng
082 _aY45.1(X), P6/TD
100 _aComaroff J
_9350729
245 0 _aLaw and Disorder in the post colony
700 _a Comaroff J.I
_9350730
942 _hY45.1(X), P6/TD
_cGB
_2CC
999 _c678861
_d678861